Phone Calls on TV Shows Quiz Stats

 Plays Quiz Updated Feb 3, 2016

Also try: TV Comedy by Scene
Challenge
Share
Tweet
Score 0/20 Timer 06:00
0 Plays Today
% Correct
Friends
96.6%
The Flintstones
95.9%
The Office
95.5%
Happy Days
85.5%
The Cosby Show
85.4%
24
84.6%
Seinfeld
83.8%
Frasier
83.6%
How I Met Your Mother
82.4%
Full House
77.4%
% Correct
Saved by the Bell
73.9%
I Dream of Jeannie
69.7%
Get Smart
62.5%
Three's Company
61.2%
The Brady Bunch
53.5%
Beverly Hills, 90210
51.9%
Brothers & Sisters
44.8%
Gossip Girl
44.3%
The O.C.
37.2%
Green Acres
35.6%

You're not logged in!

Compare scores with friends on all Sporcle quizzes.
OR
Log In

You Might Also Like...

Show Comments

Extras

Top Quizzes Today


Score Distribution

Your Account Isn't Verified!

In order to create a playlist on Sporcle, you need to verify the email address you used during registration. Go to your Sporcle Settings to finish the process.

Report this User

Report this user for behavior that violates our Community Guidelines.

Details: